000 00956cam a2200301 i 4500
001 19016747
005 20180220032802.0
008 160315s2017 flu b 001 0 eng
010 _a 2016012713
020 _a9781498734325 (pbk. : alk. paper)
020 _z9781498734332 (e-book)
020 _z9781498734349 (vital book)
020 _z9781498734356 (epub)
035 _a(DNLM)101678988
040 _aDNLM/DLC
_cDLC
_erda
_dDLC
041 _aeng
042 _apcc
060 1 0 _aWY 159
080 _a618.9200231 mar
082 0 0 _a618.9200231 mar
_223
100 _a3
101 _ashm
245 0 0 _aChildren and young people's nursing :
_c[edited by] Alyson Davies, Ruth Davies.
504 _aIncludes bibliographical references and index.
906 _a7
_bcbc
_corignew
_d1
_eecip
_f20
_gy-gencatlg
942 _2ddc
_cBK
999 _c42866
_d42866